| 000 | 00432nam a2200181Ia 4500 | ||
|---|---|---|---|
| 001 | 23792 | ||
| 005 | 20260414151001.0 | ||
| 008 | 260414t1986||||xx |||||||||||||| ||spa|| | ||
| 041 | _aESP | ||
| 082 |
_a709.46 _bA78 |
||
| 100 |
_aMoya, Adelina _eAUT |
||
| 245 | 0 |
_aArte y artistas vascos de los años 30 _b |
|
| 260 | _c1986 | ||
| 300 |
_a349 páginas : _c29 cm. |
||
| 650 | _aABD | ||
| 654 | _aCAU | ||
| 942 |
_cLIB _dJUS _fJUS _2ddc _n |
||
| 999 |
_c23792 _d23792 |
||